| 000 | 00835nam a22002657a 4500 | ||
|---|---|---|---|
| 001 | BR4900216 | ||
| 003 | BR-BrBNA | ||
| 005 | 20230928082933.0 | ||
| 007 | ta | ||
| 008 | 230509b bl.||||| |||| 00| 0 por d | ||
| 040 |
_aBR-BrBNA _bpor _cBiblioteca Nacional de Agricultura |
||
| 041 | _a(Por) | ||
| 072 |
_aF24; N10 _b/G514 |
||
| 090 | _ F24 BR4900216 | ||
| 100 | 1 | _aCampos, E.C. | |
| 110 | 1 |
_aEscola Superior de Agricultura e Veterinaria do Parana, Curitiba (Brasil) _0Tese (Catedra) _94373 |
|
| 245 | 1 | _aA tecnica topografica na agronomia [Brasil] | |
| 260 | 3 |
_aCuritiba, PR (Brasil): _c1949. |
|
| 300 | _a49 p. | ||
| 500 | _a(*) Documento disponível no(a) UFPR, Curitiba, PR (Brazil). Biblioteca Central | ||
| 650 | _aTOPOGRAFIA | ||
| 650 | _aENGENHARIA AGRICOLA | ||
| 909 |
_a202309 _bLucia _c55 _dLucia Elande |
||
| 942 | _cBK | ||
| 999 |
_c10720 _d10720 |
||